Normal view
MARC view
- الحوكمة - الادارة - العالم العربي
Entry Topical Term
001 - CONTROL NUMBER
- control field: 52036
003 - CONTROL NUMBER IDENTIFIER
- control field: JO-AjAnu
005 - DATE AND TIME OF LATEST TRANSACTION
- control field: 20230606082545.0
008 - FIXED-LENGTH DATA ELEMENTS
- fixed length control field: 230606|| aca||aabn | a|a d
040 ## - CATALOGING SOURCE
- Original cataloging agency: JO-AjAnu
- Transcribing agency: JO-AjAnu
150 ## - HEADING--TOPICAL TERM
- Topical term or geographic name entry element: الحوكمة - الادارة - العالم العربي
670 ## - SOURCE DATA FOUND
- Source citation: Work cat.: (JO-AjAnu)26594: المنظمة العربية للتنمية الادارية, author 52035, حالة الحوكمة والادارة العامة في الدول العربية : بحوث واوراق مؤتمر( حالة الحوكمة والادارة العامة فب الدول العربية : خيارات ام تحديات ومتطلبات جديدة) عمان -المملكة الاردنية الهاشمية ديسمبر 2013